000 00577nam a22002177a 4500
999 _c5290
_d5290
001 5290
003 BD-JhCC
005 20171213120422.0
008 171212s1955 enk |||| ||a| 000 0 eng d
035 _a(BD-JhCC)5290
040 _aBD-JhCC
_dBD-JhCC
041 _aeng
082 _a910.71041
_bHAN 1955
245 _aHandbook for Geography Teachers /
_cUniversity of London
260 _aLondon :
_bMethuen & Co Ltd,
_c1955.
300 _a533 p. :
_c20 cm.
650 _aGeography
_xStudy and Teaching
710 _aUniversity of London
942 _2ddc
_cBK